000 00454nmm a2200145Ia 4500
008 251105s9999||||xx |||||||||||||||||und||
041 _aspa
100 _aRestrepo Medina, Manuel Alberto (ed.)
245 0 _aDerecho administrativo: reflexiones contemporáneas
264 _a[Bogotá, Colombia] :
_bUniversidad del Rosario,
_c2017
300 _a612 páginas
650 _aLaw
856 _uhttps://public.digitaliapublishing.com/a/52172
942 _cCF
999 _c106546
_d106546